| 000 | 00772cam a22002413a 4500 | ||
|---|---|---|---|
| 001 | 20191 | ||
| 003 | PGUSA | ||
| 005 | 20140828083428.0 | ||
| 008 | 061226s2006||||xxu|||||s|||||000 | eng d | ||
| 040 |
_aPGUSA _beng |
||
| 042 | _adc | ||
| 050 | 4 | _aNA | |
| 100 | 1 | _aBygate, Joseph E. | |
| 245 | 1 | 0 |
_aBell's Cathedrals : _bThe Cathedral Church of Durham : A Description of Its Fabric and A Brief History of the Espiscopal See _h[electronic resource] / _cJoseph E. Bygate |
| 260 |
_bProject Gutenberg, _c2006 |
||
| 506 | _aPublic domain in the USA. | ||
| 516 | _aElectronic text | ||
| 653 | _aChurch of England. Diocese of Durham | ||
| 653 | _aDurham Cathedral | ||
| 830 | 0 |
_aProject Gutenberg _v20191 |
|
| 856 | 4 | 0 | _uhttp://www.gutenberg.org/ebooks/20191 |
| 942 | _cEB | ||
| 999 |
_c249446 _d249446 |
||